Loading...
| Literature - World Literature | 0 | 7 | 0 | 0 | 70 | 47 | 89.71 | 0 | 2 |
| Literature - European Literature | 0 | 6 | 0 | 0 | 60 | 44 | 90.83 | 1 | 3 |
| Literature - American Literature | 0 | 6 | 1 | 0 | 55 | 36 | 77.50 | 1 | 4 |
| Social Science | 0 | 5 | 1 | 1 | 45 | 38 | 82.00 | 2 | 4 |
| History - American History | 0 | 4 | 0 | 0 | 40 | 55 | 76.00 | 1 | 3 |
| Science - Biology | 0 | 3 | 0 | 0 | 30 | 50 | 95.33 | 0 | 2 |
| Philosophy | 0 | 3 | 1 | 0 | 25 | 99 | 112.67 | 0 | 0 |
| Fine Arts - Classical Music | 0 | 2 | 0 | 1 | 20 | 73 | 104.00 | 0 | 1 |
| Literature - British Literature | 0 | 3 | 2 | 0 | 20 | 24 | 70.67 | 1 | 3 |
| Religion | 0 | 2 | 0 | 1 | 20 | 66 | 103.00 | 0 | 0 |
| Geography | 0 | 1 | 0 | 0 | 10 | 50 | 50.00 | 1 | 1 |
| Other Academic | 0 | 1 | 0 | 0 | 10 | 88 | 88.00 | 0 | 1 |
| Fine Arts - Painting and Sculpture | 0 | 1 | 0 | 0 | 10 | 20 | 20.00 | 1 | 1 |
| Science - Chemistry | 0 | 1 | 0 | 0 | 10 | 82 | 82.00 | 0 | 1 |
| History - Other History | 0 | 1 | 0 | 0 | 10 | 64 | 64.00 | 1 | 1 |
| Fine Arts - Other Fine Arts | 0 | 2 | 3 | 0 | 5 | 95 | 104.50 | 0 | 1 |
| Pop Culture | 0 | 0 | 1 | 0 | -5 | 0.00 | 0 | 0 | |
| Science - Other Science | 0 | 0 | 1 | 0 | -5 | 0.00 | 0 | 0 | |
| Mythology | 0 | 0 | 1 | 0 | -5 | 0.00 | 0 | 0 |